00552nam a2200193 a 4500001001300000003000900013005001700022008004100039020001200080082001700092100002400109245007900133260004200212300000900254500003500263505001600298650002000314700002400334nice12345678IN_TiNIC20260116011911.0050524s1970 lona grp 000 0 eng  ac234.500a291.211bPAR aParrinder, Geoffrey aAvtar and Incarnationb Wilde Lectures in Natural and Comparative Relig... aLondonbFaber and Faber Limitedc1970 a296p aincludes index and biblioraphy2 aBibl, Index aGod-Incarnation1 aParrinder, Geoffrey